000 00432nam a2200169Ia 4500
008 131103s9999 xx 000 0 und d
040 _aLoreto College
041 _aEnglish
082 _aF/STR
_bLCLIB/23386
100 _aStrange,Oliver
245 _aSudden plays a hand
_cOliver Strange
260 _aLondon
_bCorgi Books
_c1950
300 _a158 p.
_c 18 cm.
650 _aFiction in English
850 _aLCLIB
942 _cBK
999 _c14077
_d64556